[Event "18th Aeroflot Open-A 2020"]
[Site "Moscow"]
[Date "2020.02.27"]
[Round "9.16"]
[White "Sadhwani, Raunak"]
[Black "Durarbayli, Vasif"]
[Result "1-0"]
[WhiteElo "2522"]
[BlackElo "2625"]
[Annotator "TA"]
[PlyCount "89"]
[EventDate "2020.02.19"]
[EventType "swiss"]
[EventCountry "RUS"]
[SourceTitle "playchess.com"]
[Source "ChessBase"]
[SourceQuality "1"]

{[%evp 13,89,26,41,0,18,15,10,18,46,11,53,45,84,79,186,181,163,167,169,177,195,205,237,237,263,246,259,247,294,300,382,390,367,370,362,0,0,0,0,0,0,0,0,0,0,0,31,16,120,114,129,135,220,212,216,220,199,195,272,286,465,449,551,479,731,721,633,595,826,695,710,519,740,727,951,913,1834,1784]} 1. e4 c5 2. Nf3 d6 3. d4 cxd4 4. Nxd4 Nf6 5. Nc3 Nc6 6. Bg5 e6 7. Bb5 Bd7 8. Qd3 $1 {[%mdl 4] is more profitable than 8.Bxc6 at the moment. B62: Sicilian: Richter-Rauzer: 6...e6: Unusual White 7th moves.} h6 9. Bh4 Be7 10. O-O-O {The position is equal.} Ne5 11. Qe2 {[#]} O-O $146 ({Predecessor:} 11... a6 12. Bxd7+ Qxd7 13. f4 Ng6 14. Bg3 Qc8 15. h4 h5 16. Nf3 b5 17. f5 exf5 18. Bxd6 {0-1 (36) Giurumia,S (2220)-Ghinda,M (2450) Romania 1993}) 12. f4 Ng6 13. Bg3 a6 (13... e5 $16) 14. Bxd7 $18 Nxd7 15. f5 $36 {[%mdl 2048] Black is under strong pressure.} exf5 16. Nxf5 Re8 17. Bxd6 ({Don't take} 17. Nxd6 $6 Bxd6 18. Rxd6 (18. Bxd6 Qb6 $14) 18... Qg5+ 19. Kb1 Nf6 $16) 17... Bf6 18. Nd5 $1 {Bc7 is the strong threat.} Rc8 19. Rhf1 Re6 20. Kb1 Qe8 21. Nc7 Rxe4 22. Qf3 ({Worse is} 22. Nxe8 Rxe2 23. Nxf6+ Nxf6 $11) 22... Rxc7 23. Bxc7 Kh7 24. Rxd7 $2 (24. Bg3 $18 {Strongly threatening Nd6.} Rb4 25. c3) 24... Qxd7 $11 25. Qxe4 Qb5 {[%csl Gf6][%cal Rb5b2][%mdl 64] Double Attack} 26. c3 Qxf1+ 27. Kc2 b5 28. Bb6 Bg5 29. a3 Qc1+ 30. Kb3 Qf4 (30... Qh1 $11) 31. Qxf4 $16 Nxf4 {[%mdl 4096] Endgame KBN-KBN} 32. Kb4 Nxg2 (32... Nd5+ $16 {was called for.} 33. Ka5 Bc1) 33. Ka5 $1 $18 Bc1 {[#]} 34. b4 $1 Bxa3 35. Kxa6 Bb2 {[#]} (35... Kg6 {was necessary.}) 36. Bd4 $1 g6 $2 (36... Bc1 37. Kxb5 Bf4) 37. Nd6 {White is clearly winning.} f5 38. Kxb5 f4 (38... Nf4 $142 39. Kc4 Ne6) 39. Kc6 f3 40. Ne4 Nf4 41. Be3 ({Not} 41. Nf6+ Kg7 $18) 41... Ne2 42. c4 Be5 43. b5 {[%cal Bb4b5,Bb5b6][%mdl 32]} Bxh2 44. b6 g5 45. Nd6 {Accuracy: White = 88%, Black = 32%.} 1-0

[Event "18th Aeroflot Open-A 2020"]
[Site "Moscow"]
[Date "2020.02.27"]
[Round "9.17"]
[White "Zvjaginsev, Vadim"]
[Black "Kunin, Vitaly"]
[Result "1/2-1/2"]
[WhiteElo "2623"]
[BlackElo "2550"]
[Annotator "TA"]
[PlyCount "82"]
[EventDate "2020.02.19"]
[EventType "swiss"]
[EventCountry "RUS"]
[SourceTitle "playchess.com"]
[Source "ChessBase"]
[SourceQuality "1"]

{[%evp 9,82,13,42,41,39,30,33,15,27,0,0,-2,0,0,-2,0,-1,-2,20,0,0,-14,-12,-29,-32,-26,-11,-13,-23,-21,-6,-14,0,0,0,0,17,0,12,0,7,8,8,8,4,0,5,5,2,0,0,0,10,11,11,0,0,0,15,0,0,0,0,0,0,0,0,0,0,0,0,0,0,0,0]} 1. e4 c5 2. Nc3 Nc6 3. Bb5 Nd4 4. Nf3 Nxb5 5. Nxb5 d5 6. exd5 {B23: Closed Sicilian: Lines without g3.} a6 7. Nc3 {[%cal Bb5c3,Bc3e4,Be4c5][%mdl 32]} Nf6 8. d4 {White is slightly better.} Nxd5 9. Ne4 cxd4 10. Qxd4 {[#]} Bf5 $146 ({Predecessor:} 10... Nf6 11. Qxd8+ Kxd8 12. Nxf6 gxf6 13. Be3 e5 14. O-O-O+ Ke8 15. Nd2 Bf5 16. f4 Rc8 {½-½ (27) Ampie,M (2318)-Kaufman,R (2252) Burlingame 2019}) 11. O-O Nf6 12. Nc5 Qxd4 13. Nxd4 Bc8 14. Na4 {[#] Nb6 is the strong threat.} b5 15. Nc5 e6 16. Nd3 Bb7 17. f3 Bd6 18. Be3 Rc8 19. Rfd1 O-O {The position is equal.} 20. c3 Nd5 21. Bf2 Rfd8 22. Nb3 Ba8 23. a3 h5 24. Nb4 Nxb4 25. axb4 Bd5 26. Nc5 Bxc5 27. bxc5 Bb7 28. b4 f6 29. h4 (29. Bd4 {is interesting.} Kf7 30. f4 h4 31. Re1 Rd7 32. Re2) 29... Kf7 30. Bg3 Rxd1+ 31. Rxd1 $11 {[%mdl 4096] [#] Endgame And now Rd7+ would win. KRB-KRB} Bd5 32. Bf2 Ra8 33. Ra1 Ke7 34. Be3 Bb7 35. Kf2 Rd8 36. Ke2 e5 37. Bf2 Ke6 38. Be3 Rd7 39. Bf2 Rd8 40. Be3 Rd7 41. Bf2 Rd8 {Accuracy: White = 97%, Black = 100%.} 1/2-1/2

[Event "18th Aeroflot Open-A 2020"]
[Site "Moscow"]
[Date "2020.02.27"]
[Round "9.18"]
[White "Erigaisi Arjun"]
[Black "Indjic, Aleksandar"]
[Result "1-0"]
[WhiteElo "2563"]
[BlackElo "2622"]
[Annotator "TA"]
[PlyCount "137"]
[EventDate "2020.02.19"]
[EventType "swiss"]
[EventCountry "RUS"]
[SourceTitle "playchess.com"]
[Source "ChessBase"]
[SourceQuality "1"]

{[%evp 14,137,-6,-11,-12,-8,0,0,30,17,81,79,68,70,95,107,95,46,113,113,120,135,126,104,160,162,153,203,201,202,161,163,205,206,206,201,206,195,171,154,171,151,234,243,242,243,275,286,262,10,10,9,9,0,9,0,83,83,83,83,83,83,83,59,68,64,83,83,83,83,83,69,69,32,83,83,83,83,83,59,153,153,144,139,414,414,414,398,375,161,255,249,293,289,277,240,201,132,270,270,247,103,304,304,296,285,285,285,277,277,188,147,409,395,483,443,537,553,560,551,530,447,520,449,389,360]} 1. e4 e5 2. Nf3 Nc6 3. d4 exd4 4. Nxd4 Nf6 5. Nxc6 bxc6 6. e5 Qe7 7. Qe2 Nd5 8. h4 Qe6 {C45: Scotch Game.} 9. Nd2 Nb4 10. Nf3 Ba6 {The position is equal.} 11. c4 $1 {next Nd4 is good for White.} d5 (11... Qg6 $11 12. Kd1 c5) 12. a3 $1 $16 {Hoping for Qd1.} Bxc4 13. Qd1 $1 {aiming for Bxc4.} Bxf1 14. Kxf1 Na6 {[#]} 15. Rh3 $146 {[%mdl 1024] Black must now prevent Ng5. White has strong compensation.} ({Predecessor:} 15. b4 c5 16. Qa4+ Kd8 17. Ng5 Qg6 18. e6 Qd3+ 19. Kg1 Bd6 20. Qd7# {1-0 (20) Morozevich,A (2683)-Sychev,K (2445) Moscow 2016}) 15... Be7 ({Black should play} 15... Nc5 $14) 16. Bg5 $1 Bc5 17. Rc1 $36 {[%mdl 2048] Threatens to win with Qa4. White is in control.} Bb6 18. a4 $1 Rb8 (18... h6 $142 19. Bd2 O-O) 19. Qe2 Nb4 20. Bd2 $1 {[%cal Rd2b4]} a5 21. Ng5 $1 {[%cal Rg5e6]} Qe7 22. e6 f6 23. Nf7 $1 {[%cal Rf7h8]} O-O {[#]} 24. Rg3 $1 {[%cal Rg3g7][%mdl 512] White wants to mate with Rxg7+!} Rxf7 25. exf7+ Qxf7 26. Bxb4 $1 axb4 27. Rxc6 Bd4 (27... Qd7 $16 28. Qe6+ Qxe6 29. Rxe6 Kf7) 28. Qc2 $1 $18 Be5 29. Rd3 Qd7 30. Rc5 d4 31. Rb5 $2 (31. Qc4+ $18 Kh8 32. Rb5) 31... Rxb5 $11 32. axb5 Qxb5 {[%mdl 4096] Endgame KQR-KQB} 33. b3 Qd5 34. Rd1 c5 (34... g6 $11) 35. Qd3 $16 Bd6 36. Ra1 h5 37. Ra7 Bf8 38. Ra6 Be7 39. Kg1 Bf8 40. Ra1 Kf7 41. Kf1 Kg8 42. Rc1 Kf7 43. Re1 Kg8 (43... f5 $14) 44. Re8 {Black is now going downhill.} Kf7 45. Rb8 Kg8 46. Rc8 Kf7 (46... f5 $14) 47. Qe2 {And now Qe8+ would win.} Be7 48. Rc7 Qd8 $2 {[%mdl 8192]} (48... Qe5 $16 49. Qc4+ Kg6) 49. Qxh5+ $18 Kg8 50. Ra7 d3 51. Ra1 (51. Ke1 $142) 51... d2 (51... Qd4 $142 52. Qe8+ Kh7 53. Qh5+ Kg8) 52. Qe2 Qd5 {[#]} 53. Qc4 $1 Qxc4+ 54. bxc4 {KR-KB} f5 55. Rd1 Bxh4 (55... Bf6 $16 {is a better defense.} 56. Rxd2 b3) 56. Rxd2 Be7 {[#]} 57. Rd5 (57. Ke2 $1 $18 {and White stays clearly on top.}) 57... g6 $2 (57... b3 $16 {was necessary.}) 58. Ke2 Kf7 59. Kd3 Kf6 60. f3 Ke6 61. Kc2 Bd6 62. Kb3 Be7 $2 {[%mdl 8192]} (62... Kd7 $16 {was worth a try.} 63. f4 Kc6) 63. Ka4 Bd6 64. Kb5 Be7 65. Kc6 Bf8 66. Rd8 Be7 67. Rd1 Bf8 68. Re1+ Kf7 69. Kd5 {Accuracy: White = 80%, Black = 58%.} 1-0

[Event "18th Aeroflot Open-A 2020"]
[Site "Moscow"]
[Date "2020.02.27"]
[Round "9.19"]
[White "Chigaev, Maksim"]
[Black "Bharath Subramaniyam H"]
[Result "0-1"]
[WhiteElo "2616"]
[BlackElo "2402"]
[Annotator "TA"]
[PlyCount "58"]
[EventDate "2020.02.19"]
[EventType "swiss"]
[EventCountry "RUS"]
[SourceTitle "playchess.com"]
[Source "ChessBase"]
[SourceQuality "1"]

{[%evp 11,58,-12,-9,-4,18,0,16,-133,-123,-156,-165,-162,-105,-96,-100,-110,-102,-118,-88,-100,-86,-110,-87,-63,0,-137,-151,-164,-151,-167,-147,-158,-118,-120,-87,-225,-143,-428,-428,-428,-428,-428,-422,-409,-395,-672,-692,-658,-654]} 1. e4 c5 2. Nf3 e6 3. d3 Nc6 4. g3 g6 5. d4 cxd4 6. Nxd4 Bg7 {was the old line (6...d5).} 7. Nb5 {B40: Sicilian: 2...e6, Unusual lines.} d5 8. exd5 exd5 9. Bf4 (9. Qxd5 $11 {keeps the balance.} Qe7+ 10. Be2) 9... Bxb2 $17 10. N1c3 {[#]} (10. Nd6+ $2 Kf8 $19) 10... Nf6 $1 (10... Bxa1 11. Qxa1 Kf8 12. Nc7 $11 (12. Bd6+ Kg7 $11)) 11. Bg2 {[#]} Qe7+ $146 (11... O-O $19 12. O-O Bg4) ({Predecessor:} 11... O-O 12. O-O d4 13. Ne2 d3 14. cxd3 Nh5 15. Bh6 Bg7 16. Bxg7 Nxg7 17. d4 a6 {1-0 (43) Dzhumaev,M (2498)-Harika,D (2329) Mumbai 2004}) 12. Kf1 {Hoping for Bd6.} O-O {Strongly threatening ...Bg4.} 13. Bd6 {[#]} Qd8 $1 14. Rb1 Bxc3 15. Bxf8 Bg4 ({But not} 15... Qxf8 $6 16. Nxc3 Be6 17. Qf3 $11 (17. Nxd5 Nxd5 18. Bxd5 Rd8 $17) (17. Rxb7 Qc5 $11) (17. Bxd5 $2 Rd8 $19)) 16. Bf3 Bh3+ {[%mdl 1024] Black has strong compensation.} 17. Bg2 Bg4 (17... Ba5 $15 18. Bc5 Bxg2+ 19. Kxg2 Ne4) 18. Qc1 (18. Bf3 $1 $11) 18... Be5 $36 {[%mdl 2048] Black is on the roll.} ({Not} 18... Kxf8 19. Nxc3 Qa5 20. h3 $14) 19. Bh6 a6 20. h3 Bf5 21. Na3 Ne4 22. Rxb7 Qf6 {aiming for ...Bxg3!} 23. Bf4 (23. g4 $17 Ng3+ 24. fxg3 Bc8+ {[%mdl 64] Discovered Attack} 25. Kg1 Bxb7 26. Kh2) 23... Bd4 {And now ...g5 would win.} 24. c4 $2 {[%mdl 8192] Now White is beyond hope.} (24. Rh2 $17) 24... Nxf2 $19 {( -> ...Bd3+)} 25. Bxd5 Nxh1 26. Rxf7 Qxf7 ({Weaker is} 26... Bxh3+ 27. Ke2 $17) 27. Bxf7+ Kxf7 28. g4 $2 (28. Nc2 Re8 29. Nxd4 Nxd4 30. Qd1 Bxh3+ 31. Kg1 Re1+ {[%mdl 64] Deflection} 32. Qxe1 Nf3+ {[%mdl 64] Double Attack} 33. Kxh1 Nxe1 34. Kg1) 28... Bd3+ 29. Kg2 Re8 {Accuracy: White = 52%, Black = 67%.} 0-1

[Event "18th Aeroflot Open-A 2020"]
[Site "Moscow"]
[Date "2020.02.27"]
[Round "9.20"]
[White "Kardashevskiy, Evgeny"]
[Black "Kobalia, Mikhail"]
[Result "0-1"]
[WhiteElo "2437"]
[BlackElo "2609"]
[Annotator "TA"]
[PlyCount "80"]
[EventDate "2020.02.19"]
[EventType "swiss"]
[EventCountry "RUS"]
[SourceTitle "playchess.com"]
[Source "ChessBase"]
[SourceQuality "1"]

{[%evp 21,80,34,40,22,50,60,66,41,44,23,53,-11,67,88,54,83,68,-4,-3,-7,0,0,0,-39,-27,-42,0,0,12,0,4,-7,21,0,0,0,0,-54,-32,-101,-85,-81,-75,-125,-96,-466,-414,-460,-428,-407,-95,-5257,-2338,-29995,-29995,-29996,-29995,-29995,-29996,-29996,-29997]} 1. d4 d5 2. Nf3 Nf6 3. c4 c6 4. Nc3 e6 5. e3 Nbd7 6. Qc2 Bd6 7. b3 O-O 8. Be2 Re8 9. O-O dxc4 10. bxc4 e5 11. Rd1 Qe7 12. a4 {D45: Semi-Slav: 5 e3.} e4 13. Nd2 Nf8 14. Nf1 {White is slightly better.} Ng6 15. Qb3 {[#]} Ng4 $146 ({Predecessor:} 15... h5 16. Ba3 h4 17. Bxd6 Qxd6 18. h3 Qe6 19. Nd2 Qf5 20. c5 Re7 21. a5 Qg5 {1-0 (43) Spassov,L (2376)-Tsvetkov,I (2307) Pernik 2003}) 16. Ba3 ({Better is} 16. Ng3 $14) 16... Bxa3 (16... Qf6 $11 17. Bxg4 Bxg4) 17. Qxa3 $14 Qf6 18. Bxg4 $1 Bxg4 19. Ng3 ({White should try} 19. Rdb1 $14) 19... Bxd1 $11 20. Rxd1 Qh4 21. Qb3 b6 22. Qc2 Rad8 23. a5 bxa5 24. Ra1 Rb8 25. Rxa5 {[%cal Rg3e4]} Qe7 26. Ngxe4 Rb4 27. Qa2 Qe6 28. h3 Reb8 29. Rc5 (29. Rxa7 $11 Qxc4 30. Qa5) 29... f5 $36 {[%mdl 2048] White is under pressure.} 30. Ng5 (30. Ng3 $1 $15) 30... Qf6 $17 31. Nf3 {[#]} f4 $1 {[%cal Rf4e3]} 32. Ne4 {[#]} Qe7 $1 {[%cal Re7e4]} 33. Ne5 $2 {[%mdl 8192]} (33. Nfd2 $17 {nothing else works.}) 33... fxe3 {Threatens to win with ...Rb2.} 34. fxe3 Rb1+ 35. Kh2 R1b2 $2 (35... R8b2 $19 {and Black stays clearly on top.} 36. Qa5 Qf8) 36. Qa6 $2 {[%mdl 8192]} (36. Qa5 $17) 36... Nh4 $19 37. Nc3 Rxg2+ {Black mates.} 38. Kh1 Qe6 {[%cal Re6h3]} 39. Ng4 Rf8 {[%cal Rf8f1]} 40. Qa1 Rf3 {Accuracy: White = 43%, Black = 77%.} 0-1

[Event "18th Aeroflot Open-A 2020"]
[Site "Moscow"]
[Date "2020.02.27"]
[Round "9.21"]
[White "Nesterov, Arseniy"]
[Black "Praggnanandhaa R"]
[Result "0-1"]
[WhiteElo "2501"]
[BlackElo "2602"]
[Annotator "TA"]
[PlyCount "42"]
[EventDate "2020.02.19"]
[EventType "swiss"]
[EventCountry "RUS"]
[SourceTitle "playchess.com"]
[Source "ChessBase"]
[SourceQuality "1"]

{[%evp 14,42,43,47,42,50,58,45,61,48,76,0,0,0,0,0,0,-20,-16,-6,-16,-289,-285,-280,-280,-346,-341,-347,-349,-352,-333]} 1. d4 Nf6 2. c4 e6 3. Nf3 d5 4. g3 dxc4 5. Bg2 a6 6. O-O Nc6 7. e3 Rb8 8. Nfd2 e5 {E04: Open Catalan: 5 Nf3.} 9. Bxc6+ bxc6 10. dxe5 Ng4 {White is slightly better.} 11. Nxc4 Be6 {[#] ...Qxd1 is the strong threat.} 12. Qxd8+ (12. Nbd2 $16) 12... Rxd8 $11 13. Nbd2 Bb4 14. b3 h5 15. h3 {[#]} Bc3 $5 $146 {[%mdl 8] White is under pressure. New and interesting.} ({Predecessor:} 15... Bxd2 16. Bxd2 Bxc4 17. bxc4 Rxd2 18. hxg4 hxg4 19. Rfd1 Rxd1+ 20. Rxd1 Rh5 21. Rd4 Rxe5 22. Rxg4 {½-½ (35) Sargsyan,S (2580)-Praggnanandhaa,R (2567) Mumbai 2019}) 16. Rb1 {And now Ne4 would win.} Nxe5 17. Ne4 $2 {[%mdl 8192]} (17. Nxe5 $11 Bxe5 18. f4) 17... Bxh3 $19 {aiming for ...Nf3+.} 18. Nxe5 Bxe5 19. Re1 Bf5 20. f3 {[#]} Bxg3 $1 {[%mdl 512]} 21. Rf1 (21. Nxg3 Bxb1) 21... Rh6 {White did not feel at home in the position after the opening. Accuracy: White = 50%, Black = 100%.} 0-1

[Event "18th Aeroflot Open-A 2020"]
[Site "Moscow"]
[Date "2020.02.27"]
[Round "9.22"]
[White "Sindarov, Javokhir"]
[Black "Abdusattorov, Nodirbek"]
[Result "1-0"]
[WhiteElo "2537"]
[BlackElo "2644"]
[Annotator "TA"]
[PlyCount "55"]
[EventDate "2020.02.19"]
[EventType "swiss"]
[EventCountry "RUS"]
[SourceTitle "playchess.com"]
[Source "ChessBase"]
[SourceQuality "1"]

{[%evp 26,55,26,19,25,-12,-10,-15,-12,0,0,-10,-9,-8,-5,-4,44,44,122,132,180,175,204,197,241,204,206,199,432,428,520,497]} 1. e4 e5 2. Nf3 Nc6 3. Bb5 a6 4. Ba4 Nf6 5. O-O Be7 6. Re1 b5 7. Bb3 O-O 8. c3 d5 9. exd5 Nxd5 10. Nxe5 Nxe5 11. Rxe5 c6 12. d3 Bd6 13. Re1 Bf5 {The main line 13...Bf5 scores better than 13...Qh4.} 14. Qf3 Re8 {[%cal Re8e1] C89: Closed Ruy Lopez: Marshall Attack.} 15. Bd2 {[#]} Qg5 $1 {[%mdl 512] ...Rxe1+ is the strong threat.} 16. Bxd5 (16. Bxg5 Rxe1#) 16... cxd5 {The position is equal.} 17. Rxe8+ Rxe8 18. g3 $1 Qg6 19. Be3 $1 {[#]} d4 $146 ({Predecessor:} 19... Be6 20. Nd2 Qxd3 21. Bf4 Qc2 22. Qd1 Qxd1+ 23. Rxd1 Bxf4 24. gxf4 d4 25. cxd4 Bxa2 {½-½ (39) Kasperek,R (2370)-Kireev,S (2312) LSS email 2010}) 20. cxd4 Bg4 21. Qc6 $1 {[%csl LRa6,LRe8][%mdl 64] Double Attack} Rc8 (21... Re6 $14) 22. Qxa6 $16 Qxd3 {( -> ...Qd1+)} 23. Nc3 (23. Qxd6 {is a self mate.} Qd1+ 24. Kg2 Qf3+ 25. Kg1 Bh3 26. Qf8+ Kxf8 27. Bg5 Qg2#) 23... Bf8 {[#] White must now prevent ...Rxc3.} 24. a4 $1 ({Don't blunder} 24. Nxb5 $2 Qe4 $19) 24... Bh3 {And now ...Rxc3 would win.} 25. Qxb5 Rxc3 26. Qh5 ({But not} 26. bxc3 $2 Qe4 $19) 26... Rc2 $2 (26... Rc4) 27. Qxh3 $18 Rxb2 28. Qf1 {Accuracy: White = 83%, Black = 38%.} 1-0

[Event "18th Aeroflot Open-A 2020"]
[Site "Moscow"]
[Date "2020.02.27"]
[Round "9.23"]
[White "Sengupta, Deep"]
[Black "Martirosyan, Haik M."]
[Result "1/2-1/2"]
[WhiteElo "2534"]
[BlackElo "2630"]
[Annotator "TA"]
[PlyCount "98"]
[EventDate "2020.02.19"]
[EventType "swiss"]
[EventCountry "RUS"]
[SourceTitle "playchess.com"]
[Source "ChessBase"]
[SourceQuality "1"]

{[%evp 16,98,8,8,41,45,47,48,37,54,68,28,37,24,34,34,28,33,40,4,24,24,10,0,16,13,35,0,0,0,0,-41,-29,-44,-50,-47,-37,-32,-43,-32,-39,-33,-44,-34,0,0,0,-45,-17,-60,-60,-60,-54,-60,-60,-60,-215,-60,-60,-60,-59,-59,-60,-60,-60,-58,-35,-43,-43,-49,-39,-8,0,0,0,-9,-8,-8,0,0,0,0,0,0,4132]} 1. e4 e5 2. Nf3 Nc6 3. Nc3 Nf6 4. g3 d5 5. exd5 Nxd5 6. Bg2 Nxc3 7. bxc3 Bd6 8. O-O O-O 9. d4 e4 {C47: Scotch Four Knights and Four Knights with 4 g3.} 10. Ng5 f5 11. f3 h6 {White is slightly better.} 12. Nh3 exf3 13. Qxf3 Qf6 14. Rb1 {[#]} Rb8 $146 ({Predecessor:} 14... Ne7 15. Qd3 c6 16. c4 b6 17. d5 Ba6 18. Bb2 Qf7 19. Nf4 Bxf4 20. Rxf4 cxd5 {0-1 (45) Piuva,M (2205)-Jonsson,M (2290) Sweden 1999}) 15. Bf4 g5 16. Bxd6 cxd6 17. Qe2 {Hoping for Bxc6.} Bd7 18. Nf2 Kh8 19. Ng4 Qg6 20. Ne3 f4 21. Nd5 {[%cal Rg3f4]} Rbe8 22. Qd2 {[%cal Rg3f4]} Bg4 {...Re2 is the strong threat.} 23. gxf4 Re2 24. Qd3 {[#]} Rxg2+ $1 {[%mdl 512]} 25. Kxg2 Bf5 26. Qg3 $1 {Strongly threatening Ne3.} (26. Qf3 $2 Be4 $19) 26... Be4+ 27. Kg1 {aiming for f5.} Bxd5 28. fxg5 Rg8 {White must now prevent ...Qh5.} 29. Rf6 Qxg5 (29... Qxf6 $5 30. gxf6 Rxg3+ 31. hxg3 Nd8 $11) 30. Qxg5 Rxg5+ 31. Kf2 (31. Kf1 $5 {[%cal Rb1b7]} Kg7 32. Rxd6 $11) 31... Na5 {White should prevent ...Rg2+.} 32. Rxh6+ ({Of course not} 32. Rxd6 Rg2+ 33. Ke1 (33. Kf1 $2 Nc4 $19) 33... Rg1+ 34. Kd2 Rxb1 $17) 32... Kg7 33. Rxd6 Rg2+ 34. Kf1 Nc4 $1 {[%cal Rc4d6]} 35. Rxd5 $15 {[%mdl 4096] Endgame KRR-KRN} ({But not} 35. Rd7+ $2 {[#]} Kf6 $1 $19 {[%mdl 512]}) 35... Ne3+ {[%mdl 64] Double Attack} 36. Ke1 Nxc2+ 37. Kf1 Ne3+ {[%mdl 64] Double Attack, Discovered Attack} 38. Ke1 Nxd5 39. Rxb7+ {KRN-KR} Kf6 40. Rxa7 Kf5 41. c4 Ne3 {[%mdl 1024] Black has compensation.} 42. d5 Ke4 43. d6 Nc2+ {The position is equal.} 44. Kf1 Ne3+ 45. Ke1 Rxh2 46. c5 Rg2 47. Ra8 Nc2+ (47... Kd3 $5 48. Ra3+ $8 Ke4 $11) 48. Kf1 Ne3+ 49. Ke1 Ke5 $2 {[%mdl 40960] Accuracy: White = 81%, Black = 88%. . An unexpected result.} (49... Nc2+ $11 50. Kf1 Ne3+ 51. Ke1) 1/2-1/2

[Event "18th Aeroflot Open-A 2020"]
[Site "Moscow"]
[Date "2020.02.27"]
[Round "9.24"]
[White "Kulaots, Kaido"]
[Black "Shtembuliak, Evgeny"]
[Result "0-1"]
[WhiteElo "2510"]
[BlackElo "2628"]
[Annotator "TA"]
[PlyCount "132"]
[EventDate "2020.02.19"]
[EventType "swiss"]
[EventCountry "RUS"]
[SourceTitle "playchess.com"]
[Source "ChessBase"]
[SourceQuality "1"]

{[%evp 16,132,43,27,50,0,30,27,21,0,3,1,22,14,18,11,16,0,1,5,15,-12,-8,-6,0,-39,0,-21,0,-2,0,0,0,-56,-8,-8,0,0,0,-4,-4,-2,-3,-3,-4,-13,-13,-13,-13,-14,-13,-22,-22,-18,-6,-8,-4,-4,-8,-6,-6,-6,-6,-6,-6,-14,-4,-4,-4,-6,-6,-51,-51,-51,-65,-59,-59,-114,-114,-121,-122,-660,-652,-560,-535,-455,-280,-280,-280,-1477,-1562,-1674,-670,-770,-670,-29975,-29968,-29969,-29970,-29969,0,-29963,0,-29968,-29963,-29963,-2589,-1809,-1650,-1378,-423,-29970,-29949,-12538,-5687,-5612,-4618,-1824,-1691]} 1. e4 c6 2. d4 d5 3. Nc3 dxe4 4. Nxe4 Nf6 5. Nxf6+ exf6 6. c3 Bd6 7. Bd3 O-O 8. Qc2 Re8+ 9. Be3 h5 {B15: Caro-Kann: 3 Nc3: 3...g6 and 3...dxe4 4 Nxe4 Nf6 5 Nxf6+ exf6.} 10. Nf3 {[#]} Be6 $146 (10... Bf4 $5) ({Predecessor:} 10... Qa5 11. Nd2 Nd7 12. Nc4 Qc7 13. Nxd6 Qxd6 14. O-O Nf8 15. Rfe1 Be6 16. c4 h4 17. h3 {1-0 (35) Maki,V (2339)-Torkkola,H (2216) Finland 2019}) 11. O-O Nd7 {White has an edge.} 12. c4 Nf8 13. Bf5 Qd7 14. Bxe6 fxe6 15. Rad1 Rad8 16. d5 cxd5 17. cxd5 e5 18. Nd2 Bb8 19. Ne4 Qf7 20. Nc3 Ng6 21. Rd2 h4 22. Qf5 Ne7 23. Qf3 f5 24. Bg5 (24. d6 $11 Nc8 25. Bc5) 24... e4 (24... Qg6 $5 {[%cal Rg6g5]} 25. Bxh4 Qh6 26. Bxe7 e4 $11) 25. Qh3 $1 Be5 26. Rfd1 Bxc3 27. bxc3 {And now d6 would win.} Rxd5 28. Bxe7 Rxd2 29. Rxd2 e3 30. fxe3 Qxe7 31. Qxf5 Qxe3+ $11 {[%mdl 4160] [#] Endgame Double Attack. KQR-KQR} 32. Rf2 $1 Re5 33. Qf7+ Kh7 34. Qf4 Kg6 35. Qf7+ Kh6 36. Qf4+ Qxf4 37. Rxf4 {KR-KR} g5 38. Rf7 Rb5 39. Kf2 Kg6 40. Rd7 $1 Kf5 {Threatening ...Rb2+.} 41. h3 $1 a6 42. Kf3 Rc5 43. Rxb7 Rxc3+ 44. Kf2 Rc2+ 45. Kf3 Rxa2 46. Rb6 {White is now going downhill.} (46. Rf7+ $15 Ke6 47. Rg7) 46... Ra3+ $17 47. Kf2 a5 {[%cal Ba6a5,Ba5a4][%mdl 32]} 48. Rb5+ $2 {[%mdl 8192]} (48. Rc6 $17) 48... Kf4 $19 49. Rc5 Ra2+ 50. Kg1 a4 51. Rc4+ Ke3 52. Kh2 $2 (52. Rc5) 52... Kd3 53. Rb4 Kc3 (53... a3 $142 54. Ra4 Kc3) 54. Re4 Ra1 55. g4 Ra2+ 56. Kg1 Kd3 57. Rb4 Kc3 58. Re4 $1 Kd3 59. Rb4 $1 Ke3 60. Rc4 Ra3 (60... Ra1+ $142 61. Kg2 a3 62. Rc3+ Kd2 63. Rf3 Kc2 64. Rf2+ Kb3 65. Rf5 a2 66. Rf3+ Kc2 67. Rf2+ Kb3 68. Rf3+ Kb4 69. Rf2 Kb3 70. Rf3+) 61. Kg2 Kd3 62. Rb4 Ra1 (62... Kc2 $142 {Hoping for ...Rg3+.} 63. Kf2 Ra2) 63. Kh2 {[#]} (63. Rb5 $19 Kc4 64. Rxg5) 63... Ke2 64. Kg2 Ra2 {Black is clearly winning.} 65. Kh1 Kf3 66. Rc4 Rf2 {Accuracy: White = 74%, Black = 83%.} 0-1